[Event "Kings Indian Attack Thematic"]
[Site "SchemingMind.com"]
[Date "2006.01.09"]
[Round "-"]
[White "sdshuey"]
[Black "Julio Fuentes"]
[Result "0-1"]
[WhiteCountry "USA"]
[BlackCountry "CHI"]
[WhiteElo "1462"]
[WhiteRD "79"]
[BlackElo "1821"]
[BlackRD "91"]
[GameID "35598"]

1. Nf3 d5 2. g3 c5 3. Bg2 Nf6 4. O-O Nc6 5. d3 Bg4 6. h3 Bh5 7. g4 Bg6 8. Bg5 e6 9. Nc3 Be7 10. h4 h6
11. Bxf6 gxf6 12. h5 Bh7 13. e4 dxe4 14. dxe4 Qxd1 15. Raxd1 O-O 16. e5 Bxc2 17. Rd2 Bh7 18. Nb5 Rad8 19. Rxd8 Rxd8 20. Nc3 b6
21. Ne1 Nxe5 22. f3 Rd2 23. f4 Nxg4 24. Ne4 Rxb2 25. Nc3 Ne3 26. Rf2 Rxf2 27. Kxf2 Nxg2 28. Nxg2 Bd3 29. Ne1 Ba6 30. Ng2 Kg7
31. Nh4 f5 32. Kf3 Bxh4
0-1

[Event "Kings Indian Attack Thematic"]
[Site "SchemingMind.com"]
[Date "2006.01.09"]
[Round "-"]
[White "sdshuey"]
[Black "CHED"]
[Result "0-1"]
[WhiteCountry "USA"]
[BlackCountry "USA"]
[WhiteElo "1436"]
[WhiteRD "76"]
[BlackElo "1688"]
[BlackRD "75"]
[GameID "35599"]

1. Nf3 d5 2. g3 c5 3. d4 Nc6 4. Nc3 h6 5. e3 Bg4 6. Bg2 e6 7. h3 Bh5 8. g4 Bg6 9. Ne5 Nxe5 10. dxe5 Ne7
11. O-O Nc6 12. f4 Qd7 13. e4 d4 14. Ne2 O-O-O 15. Qd3 Nb4 16. Qc4 b6 17. f5 exf5 18. exf5 Bh7 19. Bf4 g5 20. Bd2 Bg8
21. a3 Nd5 22. Bxd5 Qxd5 23. Qxd5 Rxd5 24. c3 Rxe5 25. Rae1 f6 26. Ng3 Rh7 27. Rxe5 fxe5 28. cxd4 cxd4 29. Re1 Bd6 30. Ne4 Kd7
31. Nxd6 Kxd6 32. h4 gxh4 33. Kf2 Bd5 34. f6 Bf7 35. g5 hxg5 36. Bxg5 h3 37. Rh1 Rh5 38. Bd2 e4 39. Kg3 e3 40. Bb4+ Ke5
41. Rxh3 Rxh3+ 42. Kxh3 d3 43. Kg2 d2
0-1

[Event "Kings Indian Attack Thematic"]
[Site "SchemingMind.com"]
[Date "2006.01.09"]
[Round "-"]
[White "sdshuey"]
[Black "Shaka"]
[Result "0-1"]
[WhiteCountry "USA"]
[BlackCountry "VEN"]
[WhiteElo "1436"]
[WhiteRD "70"]
[BlackElo "1869"]
[BlackRD "101"]
[GameID "35600"]

1. Nf3 d5 2. g3 Nf6 3. Bg2 c5 4. O-O Nc6 5. Nc3 g6 6. d3 Bg7 7. Bg5 O-O 8. e4 dxe4 9. dxe4 Bg4 10. Nd5 Nxd5
11. exd5 Nd4 12. h3 Bxf3 13. b4 Bxd1 14. Raxd1 Ne2+ 15. Kh2 Nc3 16. d6 Nxd1 17. Rxd1 Bf6 18. Bxf6 exf6 19. bxc5 Rc8 20. d7 Rc7
21. Rd5 Rxd7 22. c4 Rxd5 23. Bxd5 Qc7 24. c6 bxc6 25. Bf3 Rd8
0-1

[Event "Kings Indian Attack Thematic"]
[Site "SchemingMind.com"]
[Date "2006.01.11"]
[Round "-"]
[White "sdshuey"]
[Black "ilardi"]
[Result "1-0"]
[WhiteCountry "USA"]
[BlackCountry "USA"]
[WhiteElo "1436"]
[WhiteRD "68"]
[BlackElo "1400"]
[BlackRD "125"]
[GameID "35601"]

1. Nf3 d5 2. g3 Nf6 3. Bg2 g6 4. O-O Bg7 5. d4 O-O 6. Nc3 Bf5 7. Bg5 c6 8. Bxf6 Bxf6 9. Re1 Qb6 10. Nh4 Bg4
11. f3 Bd7 12. f4 Bxd4+ 13. Kh1 Qxb2 14. Qxd4 Bg4 15. Red1 Nd7 16. Nxd5 Qxd4 17. Rxd4 cxd5 18. Bxd5 Rad8 19. Rad1 Nf6 20. Bxb7 Rxd4
21. Rxd4 Bxe2 22. c4 Rb8 23. Bf3 Rb1+ 24. Kg2 Rb2 25. Bxe2 Rxe2+ 26. Kf3 Rxa2 27. f5 a5 28. Rd8+ Kg7 29. h3 Rc2 30. Ra8 Rc3+
31. Ke2 Rc2+ 32. Kd3 Ra2 33. c5 Ra3+ 34. Kc4 Ne4 35. c6 Nd2+ 36. Kb5 Ne4 37. c7 a4 38. Rxa4 Rxa4 39. Kxa4 Nd6 40. g4 Kf8
41. Kb4 Ke8 42. Kc5 Kd7 43. Kb6 g5 44. Nf3 h6 45. Ne5+ Kc8 46. Kc6 f6 47. Ng6 Ne8 48. Nxe7#
1-0

[Event "Kings Indian Attack Thematic"]
[Site "SchemingMind.com"]
[Date "2006.01.08"]
[Round "-"]
[White "jlchaile"]
[Black "sdshuey"]
[Result "0-1"]
[WhiteCountry "ARG"]
[BlackCountry "USA"]
[WhiteElo "1423"]
[WhiteRD "80"]
[BlackElo "1436"]
[BlackRD "68"]
[GameID "35602"]

1. Nf3 d5 2. g3 Nf6 3. Bg2 e6 4. d4 Nc6 5. O-O Bd6 6. b3 O-O 7. Bb2 Ne4 8. c4 f6 9. Nc3 e5 10. cxd5 Nxc3
11. Bxc3 Bg4 12. dxc6 Bxf3 13. Bxf3 bxc6 14. dxe5 fxe5 15. Bxc6 Rb8 16. e3 Rb6 17. Be4 Bb4 18. Qxd8 Rxd8 19. Bxb4 Rxb4 20. Bf3 e4
0-1

[Event "Kings Indian Attack Thematic"]
[Site "SchemingMind.com"]
[Date "2006.01.08"]
[Round "-"]
[White "Louis Lima"]
[Black "sdshuey"]
[Result "1-0"]
[WhiteCountry "ESP"]
[BlackCountry "USA"]
[WhiteElo "1717"]
[WhiteRD "56"]
[BlackElo "1462"]
[BlackRD "79"]
[GameID "35603"]

1. Nf3 d5 2. g3 Bg4 3. Bg2 c5 4. d3 e6 5. O-O Nf6 6. Nbd2 Nc6 7. e4 Bd6 8. Re1 Nd4 9. c3 Nb5 10. e5 Bxe5
11. Rxe5 O-O 12. Qb3 a6 13. Re1 d4 14. Ne5 dxc3 15. bxc3 Qd5 16. Bxd5 exd5 17. Nxg4 Nxg4 18. a4 c4 19. dxc4 dxc4 20. Qxc4 Ne5
21. Rxe5 Rfe8 22. Rxe8+ Rxe8 23. axb5 axb5 24. Qxb5 Rd8 25. Qd7 Rf8 26. Qxb7 g5 27. Ra8 Rxa8 28. Qxa8+ Kg7 29. Ne4 Kg6 30. Nxg5 f6
31. Qe4+ f5 32. Qe6+ Kh5 33. Qxf5 Kh6 34. Ne6#
1-0

[Event "Kings Indian Attack Thematic"]
[Site "SchemingMind.com"]
[Date "2006.01.08"]
[Round "-"]
[White "Julio Fuentes"]
[Black "sdshuey"]
[Result "1-0"]
[WhiteCountry "CHI"]
[BlackCountry "USA"]
[WhiteElo "1767"]
[WhiteRD "82"]
[BlackElo "1436"]
[BlackRD "76"]
[GameID "35604"]

1. Nf3 d5 2. g3 Bg4 3. Bg2 Nd7 4. O-O Ngf6 5. d3 e6 6. Nbd2 Bb4 7. c3 Ba5 8. b4 Bb6 9. a4 c5 10. a5 Bc7
11. b5 b6 12. a6 h5 13. h4 Ne5 14. Bb2 Qd7 15. c4 d4 16. Nxe5 Bxe5 17. Bxa8 O-O 18. Bf3 Bh3 19. Ne4 Bxf1 20. Nxf6+ gxf6
21. Qxf1 f5 22. Bxh5 f4 23. gxf4 Bxf4 24. Qg2+ Kh8 25. Qe4 Bh6 26. Kh1 f5 27. Qe5+ Bg7 28. Qg3 f4 29. Qf3 e5 30. Rg1 Rg8
31. Bg4 Qe7 32. Qh3 Bh6 33. f3 e4 34. dxe4 Qf6 35. Kh2 Qd6 36. Bf5 Rxg1 37. Kxg1 Bg7 38. Qg4 Qf6 39. Qh5+ Kg8 40. Qe8+ Qf8
41. Qxf8+ Kxf8 42. Kf2 Kf7 43. Bc1 Be5 44. Kg2 Kg7 45. Kh3 Kh6 46. Kg4 Kg7 47. Bxf4 Bxf4 48. Kxf4 Kh6 49. Kg4 Kg7 50. Kg5 Kf7
51. e5 Ke8 52. Kg6 Ke7 53. Kg7
1-0

[Event "Kings Indian Attack Thematic"]
[Site "SchemingMind.com"]
[Date "2006.01.08"]
[Round "-"]
[White "CHED"]
[Black "sdshuey"]
[Result "1-0"]
[WhiteCountry "USA"]
[BlackCountry "USA"]
[WhiteElo "1688"]
[WhiteRD "75"]
[BlackElo "1436"]
[BlackRD "76"]
[GameID "35605"]

1. Nf3 d5 2. g3 g6 3. Bg2 c6 4. d3 Bg4 5. Nbd2 Nf6 6. O-O e6 7. c4 Bb4 8. a3 Ba5 9. b4 Bb6 10. c5 Bc7
11. Qc2 b5 12. Bb2 O-O 13. h3 Bxf3 14. Nxf3 Nbd7 15. Nd4 Ne5 16. f4 Ned7 17. Nxc6 Qe8 18. e4 Nb8 19. Nxb8 Rxb8 20. exd5 Nxd5
21. Rae1 Qd7 22. Ba1 Rbe8 23. Kh2 f5 24. Re2 e5 25. fxe5 Re6 26. Qb3 Ne3 27. Rxe3 Kf7 28. Bd5 Re8 29. Bxe6+ Rxe6 30. d4 Ke7
31. d5 a5 32. dxe6 Qd2+ 33. Kg1 a4 34. Qd3 Qxd3 35. Rxd3 Kxe6 36. Rd6+ Bxd6 37. exd6
1-0

[Event "Kings Indian Attack Thematic"]
[Site "SchemingMind.com"]
[Date "2006.01.08"]
[Round "-"]
[White "Shaka"]
[Black "sdshuey"]
[Result "1-0"]
[WhiteCountry "VEN"]
[BlackCountry "USA"]
[WhiteElo "1869"]
[WhiteRD "101"]
[BlackElo "1436"]
[BlackRD "70"]
[GameID "35606"]

1. Nf3 d5 2. g3 Bg4 3. Bg2 Nd7 4. d4 Ngf6 5. O-O c5 6. dxc5 Nxc5 7. c4 e6 8. cxd5 exd5 9. Be3 Bd6 10. Nc3 Nfe4
11. Nxd5 Be6 12. Nf4 b6 13. Nd4 Qd7 14. Ndxe6 fxe6 15. Bxc5 bxc5 16. Bxe4 g6 17. Bxa8 Bxf4 18. gxf4 Qxd1 19. Rfxd1 Ke7 20. Bc6 Rc8
21. Rd7+ Ke8 22. Rc7+ Kd8 23. Rxc8+
1-0

[Event "Kings Indian Attack Thematic"]
[Site "SchemingMind.com"]
[Date "2006.01.08"]
[Round "-"]
[White "ilardi"]
[Black "sdshuey"]
[Result "1/2-1/2"]
[WhiteCountry "USA"]
[BlackCountry "USA"]
[WhiteElo "1400"]
[WhiteRD "125"]
[BlackElo "1436"]
[BlackRD "68"]
[GameID "35607"]

1. Nf3 d5 2. g3 c5 3. Bg2 Bg4 4. O-O Nf6 5. Ne5 Nc6 6. Nxg4 Nxg4 7. d3 e6 8. Bf4 Bd6 9. Qd2 Bxf4 10. Qxf4 f5
11. Nd2 Nd4 12. Bf3 Nxc2 13. Qa4+ b5 14. Qxc2 O-O 15. Qxc5 a6 16. Rac1 Qd7 17. Qb6 Rfc8 18. Nb3 Ne5 19. Rxc8+ Rxc8 20. Bg2 Rc6
21. Qd4 Qd6 22. f4 Ng4 23. Na5 e5 24. Nxc6 exd4 25. Rc1 Ne3 26. Nxd4 Nxg2 27. Kxg2 Qb4 28. Rc8+ Kf7 29. Nxf5 g6 30. Rc7+ Kf6
31. Ne3 Qxb2 32. Nxd5+ Ke6 33. Nc3 h6 34. Rc6+ Kf5 35. Rc5+ Ke6 36. Kf3 h5 37. Rc6+ Kf7 38. h4 b4 39. Ne4 a5 40. Ng5+ Ke7
41. Re6+ Kd7 42. d4 Qxd4 43. Re3 a4 44. Rd3 Qxd3+ 45. exd3 a3 46. Ne4 b3 47. Nc5+ Kc6 48. Nxb3 Kb5 49. Ke4 Kb4 50. Kd4 Ka4
51. Kc4 g5 52. fxg5
1/2-1/2

[Event "Kings Indian Attack Thematic"]
[Site "SchemingMind.com"]
[Date "2006.01.12"]
[Round "-"]
[White "Mekk"]
[Black "jlchaile"]
[Result "1-0"]
[WhiteCountry "POL"]
[BlackCountry "ARG"]
[WhiteElo "1775"]
[WhiteRD "84"]
[BlackElo "1423"]
[BlackRD "80"]
[GameID "35646"]

1. Nf3 d5 2. g3 c5 3. d4 e6 4. Bg2 cxd4 5. Nxd4 Nc6 6. Nxc6 bxc6 7. c4 Bb4+ 8. Bd2 a5 9. Qa4 Bxd2+ 10. Nxd2 Qb6
11. O-O Nf6 12. Rab1 O-O 13. b4 Bd7 14. bxa5 Qxa5 15. Qxa5 Rxa5 16. Rb2 Rfa8 17. Ra1 h6 18. Nb3 Ra4 19. cxd5
1-0

[Event "Kings Indian Attack Thematic"]
[Site "SchemingMind.com"]
[Date "2006.01.09"]
[Round "-"]
[White "Mekk"]
[Black "sdshuey"]
[Result "1-0"]
[WhiteCountry "POL"]
[BlackCountry "USA"]
[WhiteElo "1818"]
[WhiteRD "120"]
[BlackElo "1462"]
[BlackRD "79"]
[GameID "35647"]

1. Nf3 d5 2. g3 Bg4 3. Ne5 f5 4. Nxg4 fxg4 5. d4 e6 6. Bf4 Bd6 7. Qd2 Nc6 8. c3 Nge7 9. Bxd6 Qxd6 10. Qg5 O-O-O
11. Qxg4 g6 12. Bh3 h5 13. Qxe6+ Qxe6 14. Bxe6+ Kb8 15. Nd2 Rhf8 16. O-O Rd6 17. Bh3 b5 18. b4 a5 19. bxa5 Nxa5 20. a4 Nc4
21. Nxc4 dxc4 22. axb5 Nd5 23. Rfc1 Kb7 24. Bg2 c6 25. bxc6+ Kxc6 26. Ra6+ Kd7 27. Rxd6+ Kxd6 28. Bxd5 Kxd5 29. Kg2 Re8 30. Kf1 g5
31. f3 h4 32. e4+ Ke6 33. Kg2 g4 34. fxg4 Rg8 35. h3 hxg3 36. Kxg3 Rb8 37. Rf1 Rb3 38. Rf3 Kd6 39. g5 Ke7 40. Kg4 Rb6
41. h4 Re6 42. Kf5
1-0

[Event "Kings Indian Attack Thematic"]
[Site "SchemingMind.com"]
[Date "2006.01.25"]
[Round "-"]
[White "Mekk"]
[Black "Louis Lima"]
[Result "1/2-1/2"]
[WhiteCountry "POL"]
[BlackCountry "ESP"]
[WhiteElo "1799"]
[WhiteRD "103"]
[BlackElo "1667"]
[BlackRD "52"]
[GameID "35648"]

1. Nf3 d5 2. g3 g6 3. d4 Bg7 4. b3 c5 5. Bb2 Nc6 6. Nbd2 cxd4 7. e3 e5 8. exd4 exd4 9. Bb5 Qe7+ 10. Qe2 Bd7
11. Qxe7+ Ngxe7 12. O-O-O O-O-O 13. Ne1 a6 14. Be2 Nb4 15. Kb1 Bf5 16. g4 Bd7 17. a3 Nbc6 18. Nd3 f5 19. h3 Kc7 20. f4 Nc8
21. Bf3 Nd6 22. Rhg1 Ne4 23. g5 Be6=
1/2-1/2

[Event "Kings Indian Attack Thematic"]
[Site "SchemingMind.com"]
[Date "2006.01.09"]
[Round "-"]
[White "Mekk"]
[Black "Julio Fuentes"]
[Result "1-0"]
[WhiteCountry "POL"]
[BlackCountry "CHI"]
[WhiteElo "1799"]
[WhiteRD "103"]
[BlackElo "1767"]
[BlackRD "82"]
[GameID "35649"]

1. Nf3 d5 2. g3 c5 3. Bg2 Nc6 4. d4 c4 5. Nc3 Nf6 6. Bg5 Bf5 7. Nh4 Be6 8. Bxf6 gxf6 9. Nf3 Bg7 10. e4 dxe4
11. Nxe4 Bg4 12. c3 f5 13. Ned2 b5 14. O-O Bh6 15. Ne5 Bxd1 16. Bxc6+ Kf8 17. Bxa8 Be2 18. Bf3 Bxf3 19. Nexf3 Qd5 20. a4 Bxd2
21. Nxd2 e5 22. axb5 exd4 23. cxd4 Qxd4 24. Rfd1 Qxb2 25. Nxc4 Qxb5 26. Nd6 Qe5 27. Rxa7 f4 28. Rxf7+ Kg8 29. Rxf4 Kg7 30. Nf5+ Kg6
31. Rd6+ Kf7 32. Nd4+ Kg7 33. Nf5+ Kf7 34. Rd7+ Ke6 35. Re7+ Kd5 36. Rxe5+ Kxe5 37. Ne3 Ra8 38. Rh4 Ra7 39. Rh6 Ke4 40. Kg2 Rb7
41. h4 Ra7 42. Rf6 Rb7 43. Kh3 Ra7 44. Rf4+ Ke5 45. h5 Re7 46. Kh4 Ra7 47. Rf8 Ke4 48. Ng4 Rb7 49. Nh6 Ra7 50. g4 Kd5
51. f4 Rb7 52. Rf7 Rb4 53. Kg5 Rb6 54. Rxh7 Ke6 55. f5+ Kd5 56. Re7 Rb8 57. Kg6 Kd6 58. Re6+ Kd5 59. g5 Ra8 60. Kg7 Rb8
61. Re7 Kd6 62. f6 Ra8 63. Nf5+ Kc6 64. h6 Ra5 65. Kg6 Ra8 66. h7
1-0

[Event "Kings Indian Attack Thematic"]
[Site "SchemingMind.com"]
[Date "2006.01.10"]
[Round "-"]
[White "Mekk"]
[Black "CHED"]
[Result "0-1"]
[WhiteCountry "POL"]
[BlackCountry "USA"]
[WhiteElo "1799"]
[WhiteRD "103"]
[BlackElo "1688"]
[BlackRD "75"]
[GameID "35650"]

1. Nf3 d5 2. g3 c5 3. d4 Nc6 4. Bg2 Nf6 5. O-O Bf5 6. Bf4 Qb6 7. Nbd2 h6 8. Nb3 c4 9. Nc5 e6 10. Na4 Qd8
11. c3 Bd6 12. Bxd6 Qxd6 13. b4 b6 14. Nb2 O-O 15. a4 a6 16. Qc1 Ne7 17. Ne5 Rab8 18. Nd1 Ng6 19. Nf3 Be4 20. Ne3 h5
21. h4 Rfe8 22. Ng5 Bxg2 23. Nxg2 e5 24. dxe5 Rxe5 25. Ne3 Rbe8 26. Nf3 Rxe3 27. fxe3 Qxg3+ 28. Kh1 Nxh4 29. Nxh4 Qxh4+ 30. Kg2 Ng4
31. Rf3 Qh2+
0-1

[Event "Kings Indian Attack Thematic"]
[Site "SchemingMind.com"]
[Date "2006.01.09"]
[Round "-"]
[White "Mekk"]
[Black "Shaka"]
[Result "0-1"]
[WhiteCountry "POL"]
[BlackCountry "VEN"]
[WhiteElo "1799"]
[WhiteRD "103"]
[BlackElo "1859"]
[BlackRD "128"]
[GameID "35651"]

1. Nf3 d5 2. g3 g6 3. Bg2 Bg7 4. d4 Nf6 5. Bg5 h6 6. Bxf6 Bxf6 7. e3 O-O 8. Nc3 Bg4 9. h3 Bf5 10. Nh4 Bxh4
11. gxh4 c6 12. h5 Nd7 13. hxg6 fxg6 14. Qd2 a5 15. a4 e5 16. dxe5 Nxe5 17. O-O-O Qb6 18. Rhg1 Nc4
0-1

[Event "Kings Indian Attack Thematic"]
[Site "SchemingMind.com"]
[Date "2006.01.15"]
[Round "-"]
[White "Mekk"]
[Black "ilardi"]
[Result "1-0"]
[WhiteCountry "POL"]
[BlackCountry "USA"]
[WhiteElo "1775"]
[WhiteRD "84"]
[BlackElo "1400"]
[BlackRD "125"]
[GameID "35652"]

1. Nf3 d5 2. g3 c6 3. d4 g6 4. Bg2 Bg7 5. Nc3 Nf6 6. Bg5 O-O 7. O-O Qb6 8. Na4 Qc7 9. Bf4 Qa5 10. c3 Bd7
11. b4 Qb5 12. Nc5 Bf5 13. Bc7 Na6 14. a4 Qc4 15. Nxa6 Qxa6 16. Qb3 Be4 17. b5 cxb5 18. axb5 Qe6 19. Ng5 Qf5 20. Nxe4 Nxe4
21. Rfd1 Qxf2+ 22. Kh1 Rac8 23. Qxd5 Nxc3 24. Qxb7 Nxd1 25. Rxd1 Bxd4 26. Bf3 f5 27. Qd5+ Kg7 28. Be5+ Kh6 29. Bxd4 Qxd4 30. Qxd4 Rfe8
31. Qxa7 e5 32. Bc6 Rg8 33. Rd7 e4 34. Rxh7+ Kg5 35. Qe7+ Kg4 36. Rh4#
1-0

[Event "Kings Indian Attack Thematic"]
[Site "SchemingMind.com"]
[Date "2006.01.09"]
[Round "-"]
[White "jlchaile"]
[Black "Mekk"]
[Result "0-1"]
[WhiteCountry "ARG"]
[BlackCountry "POL"]
[WhiteElo "1423"]
[WhiteRD "80"]
[BlackElo "1775"]
[BlackRD "84"]
[GameID "35653"]

1. Nf3 d5 2. g3 Nf6 3. d4 g6 4. Bg2 Bg7 5. O-O O-O 6. b3 b6 7. Bb2 Bb7 8. Nc3 c5 9. dxc5 bxc5 10. Na4 Qc7
11. Bxf6 Bxf6 12. Rc1 Nd7 13. c4 d4 14. Nb2 Ne5 15. Nxe5 Bxg2 16. Kxg2 Bxe5 17. Nd3 Bg7 18. Re1 a5
0-1

[Event "Kings Indian Attack Thematic"]
[Site "SchemingMind.com"]
[Date "2006.01.09"]
[Round "-"]
[White "sdshuey"]
[Black "Mekk"]
[Result "0-1"]
[WhiteCountry "USA"]
[BlackCountry "POL"]
[WhiteElo "1462"]
[WhiteRD "79"]
[BlackElo "1818"]
[BlackRD "120"]
[GameID "35654"]

1. Nf3 d5 2. g3 Nf6 3. d4 g6 4. Nc3 Nc6 5. Bg5 Bg7 6. Bg2 Bg4 7. O-O O-O 8. Ne5 Nxe5 9. dxe5 Ne4 10. Nxe4 dxe4
11. f3 Be6 12. f4 f5 13. e3 Kf7 14. g4 Qxd1 15. Raxd1 Rad8 16. gxf5 gxf5 17. Rd4 Rd5 18. Rfd1 Rfd8 19. Bh3 Rxd4 20. exd4 c5
21. c3 cxd4 22. Rxd4 Rxd4 23. cxd4 Bf8 24. d5 Bxd5 25. Bxf5 h6 26. Bh4 e6 27. Bg4 Bxa2 28. Kf2 Bc5+ 29. Ke2 Bd4 30. f5 Bxb2
31. fxe6+ Bxe6 32. Bh5+ Kf8 33. Ke3 Bxe5 34. Kxe4 Bxh2 35. Bf2 a6 36. Bb6 Ke7 37. Bf3 Kd6 38. Kd3 Bd5 39. Bxd5 Kxd5 40. Be3 h5
41. Ke2 h4 42. Kf2 Ke4 43. Bc1 Kd3 44. Kg2 Bg3 45. Bg5 b5 46. Kh3 a5 47. Bxh4 Bxh4
0-1

[Event "Kings Indian Attack Thematic"]
[Site "SchemingMind.com"]
[Date "2006.01.09"]
[Round "-"]
[White "Louis Lima"]
[Black "Mekk"]
[Result "1-0"]
[WhiteCountry "ESP"]
[BlackCountry "POL"]
[WhiteElo "1717"]
[WhiteRD "56"]
[BlackElo "1818"]
[BlackRD "120"]
[GameID "35655"]

1. Nf3 d5 2. g3 Nf6 3. Bg2 Nc6 4. d3 e5 5. Nbd2 Bc5 6. O-O O-O 7. e4 dxe4 8. dxe4 Bg4 9. Qe1 Qe7 10. Nc4 Nd4
11. Nxd4 exd4 12. e5 Nd5 13. Bxd5 Bh3 14. Bg2 Bxg2 15. Kxg2 f5 16. f4 b5 17. Nd2 Qd7 18. Qf2 a5 19. Nf3 Ra6 20. c3 d3
21. Qxc5 Rc6 22. Qxb5 Rd8 23. Nd4
1-0

[Event "Kings Indian Attack Thematic"]
[Site "SchemingMind.com"]
[Date "2006.01.09"]
[Round "-"]
[White "Julio Fuentes"]
[Black "Mekk"]
[Result "0-1"]
[WhiteCountry "CHI"]
[BlackCountry "POL"]
[WhiteElo "1821"]
[WhiteRD "91"]
[BlackElo "1818"]
[BlackRD "120"]
[GameID "35656"]

1. Nf3 d5 2. g3 Nf6 3. Bg2 Nc6 4. d3 e5 5. Nbd2 Bc5 6. O-O O-O 7. Re1 Bxf2+ 8. Kxf2 Ng4+ 9. Kg1 Ne3 10. Nf1 Nxd1
11. Rxd1 Be6 12. N1d2 Nb4 13. Nxe5 Nxc2 14. Rb1 Ne3 15. Re1 Nxg2 16. Kxg2 Qd6 17. Ndf3 f6 18. Bf4 fxe5 19. Nxe5 d4 20. Kg1 Bxa2
21. Rbc1 Rae8 22. Nc4 Qe7 23. Nd2 Rxf4 24. gxf4 Qe3+ 25. Kg2 Qxd2 26. f5 Rxe2+ 27. Rxe2 Qxe2+ 28. Kh3 Qe3+
0-1

[Event "Kings Indian Attack Thematic"]
[Site "SchemingMind.com"]
[Date "2006.01.09"]
[Round "-"]
[White "CHED"]
[Black "Mekk"]
[Result "1-0"]
[WhiteCountry "USA"]
[BlackCountry "POL"]
[WhiteElo "1694"]
[WhiteRD "71"]
[BlackElo "1780"]
[BlackRD "91"]
[GameID "35657"]

1. Nf3 d5 2. g3 Nf6 3. Bg2 Nc6 4. d3 e5 5. Nbd2 Bc5 6. O-O O-O 7. c4 Be6 8. b3 Rb8 9. a3 a5 10. Bb2 Nd4
11. Nxe5 dxc4 12. bxc4 Qd6 13. Nef3 Nxf3+ 14. Nxf3 Bd7 15. a4 Bc6 16. d4 Bb4 17. d5 Bd7 18. Qb3 c6 19. Rfd1 cxd5 20. Bxf6 Qxf6
21. cxd5 b5 22. axb5 Bxb5 23. Nd4 Bd7 24. Qd3 Rfe8 25. e4 Qb6 26. Nb3 a4 27. Nd4 Bd6 28. Rab1 Qa7 29. Rxb8 Rxb8 30. Nc6 Bxc6
31. dxc6 Bc7 32. Qa3 g6 33. Ra1 Ra8 34. Qb4 a3 35. Qb7 Qa5 36. Bf1 Ra7 37. Qc8+ Kg7 38. Qd7 Qc5 39. Qd5 Qc3 40. Ra2 Be5
41. Qc4 Qxc4 42. Bxc4 Bb2 43. Kf1 Kf6 44. f4 Ke7 45. e5 f6 46. exf6+ Kxf6 47. Ke2 Rc7 48. Bd5 h6 49. Kd3 g5 50. Ke4 Re7+
51. Kf3 Rg7 52. g4 gxf4 53. Kxf4 Re7 54. h4 Rg7 55. h5= Ke7 56. Kf3 Kd6 57. Be4 Ke5 58. Bf5 Kd6 59. Be4= Kc5 60. Kf4 Kc4
61. Bf5 Rc7 62. Bd7 Kb3 63. Be6+ Kb4 64. Bd7 Kc5 65. Kf5 Rxc6 66. Bxc6 Kxc6 67. Kg6 Kc5 68. Kxh6 Kb4 69. Kg6 Kb3 70. Rxa3+ Bxa3
71. h6 Bb2 72. h7 Kc4 73. Kf7 Kd5 74. g5
1-0

[Event "Kings Indian Attack Thematic"]
[Site "SchemingMind.com"]
[Date "2006.01.09"]
[Round "-"]
[White "Shaka"]
[Black "Mekk"]
[Result "1/2-1/2"]
[WhiteCountry "VEN"]
[BlackCountry "POL"]
[WhiteElo "1849"]
[WhiteRD "93"]
[BlackElo "1775"]
[BlackRD "84"]
[GameID "35658"]

1. Nf3 d5 2. g3 Nf6 3. Bg2 Nc6 4. d4 Bf5 5. O-O e6 6. c4 dxc4 7. Nc3 Bb4 8. a3 Be7 9. Qa4 O-O 10. Qxc4 Na5
11. Qa4 c6 12. Bf4 b5 13. Qd1 Nd5 14. Nxd5 cxd5 15. Rc1 Nc4 16. Qb3 Qd7 17. Ne5 Nxe5 18. Bxe5 Rfc8 19. Rc3 Rxc3 20. Qxc3 Rc8
21. Qb3 a5 22. Qd1 Bc2 23. Qd2 a4 24. Rc1 Bg6 25. Rc3 Rc4 26. Rxc4=
1/2-1/2

[Event "Kings Indian Attack Thematic"]
[Site "SchemingMind.com"]
[Date "2006.01.09"]
[Round "-"]
[White "ilardi"]
[Black "Mekk"]
[Result "0-1"]
[WhiteCountry "USA"]
[BlackCountry "POL"]
[WhiteElo "1280"]
[WhiteRD "149"]
[BlackElo "1780"]
[BlackRD "91"]
[GameID "35659"]

1. Nf3 d5 2. g3 Nf6 3. Bg2 Nc6 4. O-O e5 5. d3 Bc5 6. Nxe5 Nxe5 7. d4 Bd6 8. dxe5 Bxe5 9. Nc3 c6 10. Qd3 O-O
11. Bg5 h6 12. Bd2 Bg4 13. f4 Bd6 14. Bf3 Rb8 15. e4 dxe4 16. Nxe4 Nxe4 17. Bxe4 Bc5+ 18. Kh1 Re8 19. Qxd8 Rbxd8 20. Bxc6 bxc6
21. Kg2 Rxd2+ 22. Rf2 Rxf2+
0-1

[Event "Kings Indian Attack Thematic"]
[Site "SchemingMind.com"]
[Date "2006.01.12"]
[Round "-"]
[White "Erhaem"]
[Black "jlchaile"]
[Result "1-0"]
[WhiteCountry "NED"]
[BlackCountry "ARG"]
[WhiteElo "2018"]
[WhiteRD "52"]
[BlackElo "1423"]
[BlackRD "80"]
[GameID "35699"]

1. Nf3 d5 2. g3 c6 3. Bg2 Nf6 4. O-O g6 5. Nc3 Bg7 6. d4 O-O 7. Bf4 Bg4 8. Qd2 Bxf3 9. Bxf3 Nbd7 10. e4 dxe4
11. Nxe4 Nxe4 12. Bxe4 Nf6 13. Bg2 Nd5 14. Bg5 Qd6 15. c4 Nf6 16. Rad1 Rad8 17. Rfe1 Rd7 18. Bf4
1-0

[Event "Kings Indian Attack Thematic"]
[Site "SchemingMind.com"]
[Date "2006.01.10"]
[Round "-"]
[White "Erhaem"]
[Black "sdshuey"]
[Result "1-0"]
[WhiteCountry "NED"]
[BlackCountry "USA"]
[WhiteElo "1976"]
[WhiteRD "62"]
[BlackElo "1462"]
[BlackRD "79"]
[GameID "35700"]

1. Nf3 d5 2. g3 g6 3. Bg2 Bg4 4. d4 Nc6 5. O-O Nf6 6. Ne5 h5 7. Nc3 e6 8. f3 Bf5 9. e4 dxe4 10. fxe4 Bxe4
11. Nxe4 Nxe4 12. Nxc6 bxc6 13. Bxe4 f5 14. Bxc6+ Kf7 15. Bxa8 Qxa8 16. Re1 Bb4 17. c3 Ba5 18. Qa4 Bb6 19. Qd7+ Kf6 20. Rxe6#
1-0

[Event "Kings Indian Attack Thematic"]
[Site "SchemingMind.com"]
[Date "2006.01.25"]
[Round "-"]
[White "Erhaem"]
[Black "Louis Lima"]
[Result "1/2-1/2"]
[WhiteCountry "NED"]
[BlackCountry "ESP"]
[WhiteElo "1976"]
[WhiteRD "62"]
[BlackElo "1717"]
[BlackRD "56"]
[GameID "35701"]

1. Nf3 d5 2. g3 g6 3. Bg2 Bg7 4. d4 Nf6 5. O-O O-O 6. Nc3 c6 7. Bf4 Nbd7 8. Qd2 Re8 9. Bh6 Bh8 10. h3 Nh5
11. e4 dxe4 12. Nxe4 Nhf6 13. Neg5 Nf8 14. Ne5 Be6 15. Rfe1 N6d7 16. Qf4 Nxe5 17. dxe5 Bg7 18. Bxg7 Kxg7 19. Rad1 Qa5 20. a4 Rad8
21. Nf3 Rxd1 22. Rxd1 Rd8 23. Rxd8 Qxd8 24. Qd4 Qxd4=
1/2-1/2

[Event "Kings Indian Attack Thematic"]
[Site "SchemingMind.com"]
[Date "2006.01.10"]
[Round "-"]
[White "Erhaem"]
[Black "Julio Fuentes"]
[Result "1-0"]
[WhiteCountry "NED"]
[BlackCountry "CHI"]
[WhiteElo "2020"]
[WhiteRD "60"]
[BlackElo "1735"]
[BlackRD "81"]
[GameID "35702"]

1. Nf3 d5 2. g3 c5 3. Bg2 Nc6 4. d4 cxd4 5. Nxd4 e5 6. Nxc6 bxc6 7. O-O Nf6 8. c4 Rb8 9. Nc3 Be6 10. cxd5 cxd5
11. Qa4+ Qd7 12. Qxd7+ Kxd7 13. Rd1 d4 14. e3 Bg4 15. f3 Be6 16. exd4 exd4 17. b3 Kc8 18. Ne2 Bc5 19. Nxd4 Rd8 20. Bb2 Kb7
21. Kh1 Bxd4 22. Bxd4 Ne8 23. Kg1 Rbc8 24. Rd2 Rd6 25. Rad1 Rcd8 26. f4+ Ka6 27. Bf3 Bf5 28. Bc3 Rxd2 29. Rxd2 Rxd2 30. Bxd2 Nd6
31. Bb4 Nb5 32. Kf2 Bb1 33. a3 Kb6 34. Bf8 Nd4 35. Bd5 Ne6 36. Bd6 Bf5 37. Ke3 h5 38. Bf3 g6 39. b4 a5 40. bxa5+ Kxa5
41. Be4 Bxe4 42. Kxe4 Ng7 43. Ke5 Ne8 44. f5 g5 45. h3 g4 46. hxg4 hxg4 47. Be7
1-0

[Event "Kings Indian Attack Thematic"]
[Site "SchemingMind.com"]
[Date "2006.01.10"]
[Round "-"]
[White "Erhaem"]
[Black "CHED"]
[Result "1-0"]
[WhiteCountry "NED"]
[BlackCountry "USA"]
[WhiteElo "1976"]
[WhiteRD "62"]
[BlackElo "1596"]
[BlackRD "84"]
[GameID "35703"]

1. Nf3 d5 2. g3 c5 3. Bg2 Nc6 4. d4 Nf6 5. O-O cxd4 6. Nxd4 e5 7. Nxc6 bxc6 8. c4 Be6 9. Nc3 Rc8 10. cxd5 cxd5
11. Qa4+ Qd7 12. Qxd7+ Kxd7 13. Rd1 d4 14. e3 Bc5 15. exd4 exd4 16. Na4 Rhe8 17. Bb7 Rc7 18. Bf4 Bd6 19. Rxd4
1-0